000 00299nam a2200109Ia 4500
008 180323s9999 xx 000 0 und d
020 _a795703025
100 _aKarasu, Byram T.
245 4 _aThe psychotherapist as healer /
260 _aLondon :
_b2001
_cJason Aronson Inc.
300 _avii, 321 pages
999 _c356348
_d356348